Extensión universitaria (Record no. 183614)
[ view plain ]
| 000 -LEADER | |
|---|---|
| campo de control de longitud fija | 00529nam a2200157 i 4500 |
| 001 - NÚMERO DE CONTROL | |
| campo de control | 183614 |
| 003 - IDENTIFICADOR DE NÚMERO DE CONTROL | |
| campo de control | ES-MaACL |
| 005 - FECHA Y HORA DE LA ÚLTIMA TRANSACCIÓN | |
| campo de control | 20250929063302.0 |
| 008 - DATOS DE LONGITUD FIJA--INFORMACIÓN GENERAL | |
| campo de control de longitud fija | 140904s1904 sp |||| | spa d |
| 100 0# - ENTRADA PRINCIPAL--NOMBRE DE PERSONA | |
| Nombre de persona | Parada y Santín, José, |
| Fechas asociadas al nombre | 1857-1923 |
| 9 (RLIN) | 88911 |
| 245 10 - MENCIÓN DEL TÍTULO | |
| Título | Extensión universitaria |
| Resto del título | : programa actual ... de antropología artística / |
| Mención de responsabilidad, etc. | por José Parada y Santín. |
| 260 ## - PUBLICACIÓN, DISTRIBUCIÓN, ETC. | |
| Lugar de publicación, distribución, etc. | Madrid : |
| Nombre del editor, distribuidor, etc. | [s.n.], |
| Fecha de publicación, distribución, etc. | 1904. |
| 650 #4 - PUNTO DE ACCESO ADICIONAL DE MATERIA--TÉRMINO DE MATERIA | |
| Término de materia o nombre geográfico como elemento de entrada | Anatomía artística. |
| 9 (RLIN) | 145729 |
| 852 ## - LOCALIZACIÓN | |
| Ubicación | ES-MaACL |
| Número de control de estantería | T-1060-F-2 |
| Estatus retirado | Estado de pérdida | Estado de daño | No para préstamo | Colección | Biblioteca de origen | Biblioteca actual | Ubicación en estantería | Fecha de adquisición | Fuente de adquisición | Total de préstamos | Signatura topográfica completa | Código de barras | Visto por última vez | Precio de reemplazo | Tipo de ítem Koha |
|---|---|---|---|---|---|---|---|---|---|---|---|---|---|---|---|
| Colección de folletos | Biblioteca del Ateneo de Madrid | Biblioteca del Ateneo de Madrid | Depósito folletos | 04/09/2014 | T-1060-F-2 | 1193022 | 23/02/2023 | 23/02/2023 | Folleto |
